Η αλληλεπίδραση φωτιάς και ποικιλότητας στη λειτουργία των οικοσυστημάτων : έλεγχος της υπόθεσης της εξασφάλισης σε μεσογειακού-τύπου πειραματικές χορτολιβαδικές κοινότητες : διδακτορική διατριβή
Αποθηκεύτηκε σε:
| Κύριος συγγραφέας: | |
|---|---|
| Συγγραφή απο Οργανισμό/Αρχή: | |
| Άλλοι συγγραφείς: | |
| Μορφή: | Thesis Βιβλίο |
| Γλώσσα: | Greek |
| Δημοσίευση: |
Μυτιλήνη :
Πανεπιστήμιο Αιγαίου, Τμήμα Περιβάλλοντος, Εργαστήριο Διαχείρισης Βιοποικιλότητας,
2001
|
| Θέματα: | |
| Διαθέσιμο Online: | http://hdl.handle.net/11610/11137 |
| Ετικέτες: |
Προσθήκη ετικέτας
Δεν υπάρχουν, Καταχωρήστε ετικέτα πρώτοι!
|
MARC
| LEADER | 00000cam a2200000 i 4500 | ||
|---|---|---|---|
| 001 | 1/20429 | ||
| 008 | 010807s2001 gre d | ||
| 035 | |l 10067125 | ||
| 040 | |a GR-MY-UA |b gre |e aacr | ||
| 041 | 0 | |a gre | |
| 082 | 0 | |a 577 |2 (22) | |
| 100 | 1 | |a Δημητρακόπουλος, Παναγιώτης Γ. | |
| 245 | 1 | 2 | |a Η αλληλεπίδραση φωτιάς και ποικιλότητας στη λειτουργία των οικοσυστημάτων : |b έλεγχος της υπόθεσης της εξασφάλισης σε μεσογειακού-τύπου πειραματικές χορτολιβαδικές κοινότητες : διδακτορική διατριβή / |c Παναγιώτης Γ. Δημητρακόπουλος ; επιβλέπων καθηγητής Α. Ι. Τρούμπης |
| 260 | |a Μυτιλήνη : |b Πανεπιστήμιο Αιγαίου, Τμήμα Περιβάλλοντος, Εργαστήριο Διαχείρισης Βιοποικιλότητας, |c 2001 | ||
| 300 | |a 160 σ., i-xiii; |b πιν.; |c 30 εκ. | ||
| 502 | |a Διατριβή (διδακτορική) - Πανεπιστημιο Αιγαίου, Λέσβος, 2001. | ||
| 504 | |a Περιέχει βιβλιογραφία | ||
| 650 | 0 | 0 | |a Biological diversity conservation. |
| 650 | 0 | 0 | |a Ecological disturbances. |
| 650 | 0 | 0 | |a Biological diversity |x Research. |
| 650 | 0 | 0 | |a Plants |x Effect of fires on. |
| 650 | 0 | 0 | |a Dissertations, Academic |z Greece. |
| 700 | 1 | |a Τρούμπης, Ανδρέας. |4 ths | |
| 710 | 2 | |a Πανεπιστήμιο Αιγαίου. |b Σχολή Περιβάλλοντος. |b Τμήμα Περιβάλλοντος. | |
| 852 | |a INST |b LESVOS |c DIATR |e 20010807 |h 96 |p 005100027151 |q 005100027151 |t PHD |y 23 | ||
| 852 | |a INST |b LESVOS |c DIATR |e 20010807 |h 97 |p 005100027152 |q 005100059710 |t PHD |y 23 | ||
| 856 | |u http://hdl.handle.net/11610/11137 | ||
| 901 | |a BIBL1-2001-2 | ||
| 909 | |a Λ |b 088092 | ||
| 909 | |a Λ |b 088098 | ||
| 924 | |a ΔΗΜΗΤΡΑΚΟΠΟΥΛΟΣ |b ΠΑΝΑΓΙΩΤΗΣ Γ. |y ΛΕΣΒΟΣ |z 2001-08 | ||
| 970 | |a ΚΑΜΑΤΣΟΥ |b ΔΕΣΠΟΙΝΑ |z 2001/08/07 | ||